[Event "Challenge"]
[Site "http://www.queenalice.com/game.php?id=1087194"]
[Date "2012.7.26"]
[Round "-"]
[White "xmballd"]
[Black "rodricxc"]
[Result "1-0"]
[WhiteElo "1957"]
[BlackElo "1360"]

1. e4 e5 2. Nf3 Nc6 3. Bb5 Bc5 4. c3 d5 5. exd5 Qxd5 6. Bxc6+ bxc6 7. O-O Nf6 8.
Nxe5 O-O 9. d4 Bd6 10. Re1 Ne4 11. Nd2 f6 12. Nxc6 Bf5 13. Nxe4 Bxe4 14. f3 Bf5
15. Ne7+ Bxe7 16. Rxe7 Qd6 17. Qe2 Rae8 18. Rxe8 Qd7 19. Rxf8+ Kxf8 20. Bf4 1-0

[Event "Let's Play Chess!"]
[Site "http://www.queenalice.com/game.php?id=1088507"]
[Date "2012.7.29"]
[Round "-"]
[White "rodricxc"]
[Black "delgado1971"]
[Result "0-1"]
[WhiteElo "1500"]
[BlackElo "1685"]

1. d4 Nf6 2. Bf4 d5 3. Nf3 Nh5 4. e3 Nxf4 5. exf4 Bg4 6. Bd3 Nc6 7. h3 Bxf3 8.
Qxf3 Nxd4 9. Qe3 Nc6 10. O-O e6 11. c4 d4 12. Qe2 Bd6 13. f5 e5 14. a3 Qg5 15.
Nd2 Ne7 16. Nf3 Qh5 17. b4 c6 18. c5 Bc7 19. Qe4 f6 20. Rfe1 O-O-O 21. Bc4 g6
22. Nh4 Rhg8 23. Bxg8 Rxg8 24. fxg6 Nxg6 25. g4 Qxh4 26. Qf5+ Kb8 27. Qh5 Qxh5
28. gxh5 Nf4+ 29. Kh1 Nxh3 30. Kh2 Nxf2 31. Rg1 e4+ 32. Rg3 Bxg3+ 0-1

[Event "Challenge"]
[Site "http://www.queenalice.com/game.php?id=1089263"]
[Date "2012.8.1"]
[Round "-"]
[White "delgado1971"]
[Black "rodricxc"]
[Result "1-0"]
[WhiteElo "1694"]
[BlackElo "1393"]

1. e4 Nf6 2. e5 Nd5 3. d4 d6 4. Bc4 dxe5 5. dxe5 Bf5 6. Bxd5 Nc6 7. Nf3 Nb4 8.
Bxf7+ Kxf7 9. Ng5+ Ke8 10. O-O Nxc2 11. Qf3 g6 12. Rd1 Nd4 13. Qe3 Nf3+ 14. Qxf3
Qc8 15. g4 h6 16. gxf5 hxg5 17. e6 gxf5 18. Qxf5 1-0

[Event "CHARLIE BROWN JR V"]
[Site "http://www.queenalice.com/game.php?id=1090469"]
[Date "2012.8.5"]
[Round "-"]
[White "rogeriooliveira"]
[Black "rodricxc"]
[Result "0-1"]
[WhiteElo "1345"]
[BlackElo "1360"]

1. e4 e5 2. d4 d6 3. dxe5 dxe5 4. Nf3 Bg4 5. h3 Bxf3 6. gxf3 Nc6 7. Bb5 Bc5 8.
Be3 Bxe3 9. fxe3 Qh4+ 10. Kf1 Rd8 11. Qe1 Qh5 12. f4 Rd1 13. Na3 Rxe1+ 14. Rxe1
Qf3+ 15. Kg1 Qxe4 16. c3 a6 17. Bxc6+ bxc6 18. Kh2 Nf6 19. fxe5 Qxe5+ 20. Kg1
Qg3+ 21. Kf1 Ne4 22. Rg1 Qf3# 0-1

[Event "MEU IRMAO E UM BOSTA "]
[Site "http://www.queenalice.com/game.php?id=1092545"]
[Date "2012.8.12"]
[Round "-"]
[White "rogeriooliveira"]
[Black "rodricxc"]
[Result "0-1"]
[WhiteElo "1418"]
[BlackElo "1573"]

1. e4 Nc6 2. d4 d5 3. e5 f6 4. exf6 exf6 5. Nc3 Bf5 6. Bd3 Nxd4 7. Be3 Bxd3 8.
cxd3 Bc5 9. Bxd4 Bxd4 10. Nf3 Be5 11. O-O Qd7 12. Rc1 Ne7 13. Re1 Bd6 14. Qe2
O-O-O 15. Rc2 Nf5 16. g3 Rhe8 17. Qd2 Bc5 18. d4 Nxd4 19. Rcc1 Nxf3+ 20. Kg2
Nxd2 21. Red1 Qf5 22. f3 Qxf3+ 23. Kh3 Ne4 24. Rg1 Bxg1 25. Rxg1 Nf2+ 26. Kh4
Qg4# 0-1

[Event "VENTURA III"]
[Site "http://www.queenalice.com/game.php?id=1095675"]
[Date "2012.8.22"]
[Round "-"]
[White "rogeriooliveira"]
[Black "rodricxc"]
[Result "1-0"]
[WhiteElo "1272"]
[BlackElo "1671"]

1. e4 e5 2. d4 d6 3. d5 f5 4. exf5 Bxf5 5. Bd3 Bxd3 6. cxd3 Nf6 7. Nf3 Nxd5 8.
O-O Nc6 9. Nc3 Nb6 10. Re1 Nd7 11. Bg5 Be7 12. Bxe7 Qxe7 13. Re2 O-O-O 14. Qd2
h6 15. Rae1 g5 16. g4 Rhe8 17. Kg2 Qf6 18. Ne4 Qf7 19. h3 Nd4 20. Nxd4 exd4 21.
Qc2 Nf6 22. Nxf6 Rxe2 23. Qxe2 Qxf6 24. Qf3 Qg7 25. Qf5+ Qd7 26. Qxd7+ Kxd7 27.
b4 b5 28. Kg3 c5 29. bxc5 dxc5 30. Re5 Kd6 31. Re2 b4 32. Rb2 a5 33. f3 Ke5 34.
Kg2 Rc8 35. Kg3 Rc7 36. h4 a4 37. Rb1 a3 38. Re1+ Kf6 39. hxg5+ hxg5 40. Rc1 Ke5
41. Rf1 c4 42. dxc4 Rxc4 43. f4+ gxf4+ 44. Kf2 Rc2+ 45. Kg1 Rxa2 46. g5 Kf5 47.
g6 Kxg6 48. Rxf4 Kg5 49. Rxd4 Ra1+ 50. Kg2 b3 51. Rb4 b2 52. Kf2 b1=Q 53. Ra4
Qc2+ 54. Ke3 Qxa4 55. Kd3 1-0

[Event "CESSNA III"]
[Site "http://www.queenalice.com/game.php?id=1095936"]
[Date "2012.8.24"]
[Round "-"]
[White "rogeriooliveira"]
[Black "rodricxc"]
[Result "0-1"]
[WhiteElo "1418"]
[BlackElo "1624"]

1. e4 e5 2. d4 exd4 3. Qxd4 Nc6 4. Qd5 Nf6 5. Qd3 Bc5 6. Qe2 O-O 7. Nc3 d5 8. e5
Nd7 9. Bg5 Qxg5 10. g3 Ndxe5 11. Rd1 Bg4 12. f3 d4 13. Nb5 Be6 14. h3 Qxg3+ 15.
Kd2 Bxa2 16. Qg2 Qf4+ 17. Ke1 Bb4+ 18. Kf2 Qh4+ 19. Qg3 Qh6 20. h4 Qg6 21. Qxg6
fxg6 22. Ra1 Bd5 23. c3 Bc5 24. Nxc7 Rad8 25. Ke2 Nxf3 26. Nxf3 Bxf3+ 27. Kd3
Rd7 28. Nb5 Bxh1 29. Be2 Ne5+ 30. Kc2 d3+ 31. Bxd3 Rf2+ 32. Kd1 Nxd3 33. b3 Bf3#
0-1

[Event "Challenge"]
[Site "http://www.queenalice.com/game.php?id=1098662"]
[Date "2012.9.1"]
[Round "-"]
[White "Rogerio11"]
[Black "rodricxc"]
[Result "0-1"]
[WhiteElo "1279"]
[BlackElo "1483"]

1. e4 g6 2. Bc4 Bg7 3. Qf3 e6 4. d4 Bxd4 5. Na3 Nc6 6. Nb5 Ne5 7. Qd1 Bb6 8. Bb3
Qf6 9. f4 Nc6 10. e5 Qe7 11. Nf3 Qb4+ 12. Nc3 Nge7 13. a3 Qc5 14. a4 Qf2# 0-1

[Event "Challenge"]
[Site "http://www.queenalice.com/game.php?id=1098944"]
[Date "2012.9.2"]
[Round "-"]
[White "rodricxc"]
[Black "lincolnmarley"]
[Result "1-0"]
[WhiteElo "1557"]
[BlackElo "1575"]

1. e4 c5 2. Nf3 d6 3. d4 cxd4 4. Nxd4 Nf6 5. Nc3 a6 6. Be2 e6 7. O-O Be7 8. Be3
O-O 9. f4 Nc6 10. a3 Qc7 11. g4 Nxd4 12. Bxd4 Bd7 13. f5 e5 14. Be3 Rac8 15. Nd5
Nxd5 16. exd5 Qxc2 17. Qxc2 Rxc2 18. Bd3 Rxb2 19. Rf2 Rxf2 20. Bxf2 Rc8 21. Be3
Rc3 22. Rd1 Rxa3 23. Bc1 b5 24. Bxa3 a5 25. Rc1 b4 26. Bb5 Bxb5 27. Rc8+ Bf8 28.
Bb2 a4 29. Rb8 Bc4 30. Rxb4 Bb3 31. Ba3 f6 32. h4 h6 33. h5 Kf7 34. Rb7+ Kg8 35.
Rb8 Kf7 36. Rb6 e4 37. Bxd6 Bxd6 38. Rxd6 a3 39. Rd7+ Kf8 40. d6 a2 41. Ra7 Ke8
42. Kf2 Kd8 43. Ke3 Bd5 44. Kd4 1-0

[Event "Jogo do Lab"]
[Site "http://www.queenalice.com/game.php?id=1099681"]
[Date "2012.9.4"]
[Round "-"]
[White "rodricxc"]
[Black "ThiagoSousa"]
[Result "1-0"]
[WhiteElo "1437"]
[BlackElo "1315"]

1. e4 c5 2. Nf3 Nc6 3. d4 cxd4 4. Nxd4 Nxd4 5. Qxd4 a6 6. Nc3 b5 7. Bf4 d6 8. e5
Bf5 9. O-O-O dxe5 10. Qxe5 Bd7 11. Be2 e6 12. g4 f5 13. gxf5 Qb6 14. Qe4 Qc6 15.
Bf3 Rc8 16. Rhe1 Qxe4 17. Rxe4 Nf6 18. Re2 g6 19. fxe6 Kd8 20. exd7 Rc4 21. Be5
Bg7 22. Bd4 Kxd7 23. Bb6+ Kc8 24. Red2 Nd7 25. Rxd7 Bf6 26. Ne4 Rd8 27. Nxf6
Rxd7 28. Rxd7 Rd4 29. Rxd4 h5 30. Rd8# 1-0

[Event "BR OPEN"]
[Site "http://www.queenalice.com/game.php?id=1099838"]
[Date "2012.9.5"]
[Round "-"]
[White "MONSTERXADREZ"]
[Black "rodricxc"]
[Result "0-1"]
[WhiteElo "1550"]
[BlackElo "1595"]

1. e4 c5 2. c4 Nc6 3. d3 g6 4. b3 Bg7 5. d4 Bxd4 6. Be3 Bxa1 7. Bxc5 Nf6 8. Nd2
Bc3 9. Qc2 Bxd2+ 10. Qxd2 Nxe4 11. Qb2 O-O 12. Be3 Qa5+ 13. Kd1 Qh5+ 14. Be2 Qh4
15. Nf3 Nxf2+ 16. Ke1 Nd3+ 17. Kd2 Nxb2 18. Nxh4 Nb4 19. Kc3 Nxc4 20. Kxc4 Nc6
21. Bc5 d6 22. Bd4 Be6+ 23. Kd3 Rac8 24. Bxa7 Nb4+ 25. Ke3 Nxa2 26. Ra1 Nb4 27.
Ra4 Nc6 28. Bb6 Bxb3 29. Rf4 Be6 30. Kf2 g5 31. Ng6 fxg6 32. Rxf8+ Rxf8+ 33. Kg1
h5 34. Be3 g4 35. Bh6 Rf6 36. Bg5 Rf7 37. Bb5 Nd4 38. Bd3 Bf5 39. Bc4 e6 40. Bf4
d5 41. Bf1 b5 42. Be3 Nc2 43. Bf2 b4 44. Bb5 Rb7 45. Bc6 Rb8 46. Bc5 b3 47. Bd6
Rb6 48. Bxd5 b2 49. Ba2 Rxd6 50. Kf2 Nb4 51. Bb3 b1=Q 52. Ba4 Qa2+ 53. Kg3 Qxa4
54. h4 Rd4 55. Kh2 Qc2 56. Kg3 Nd5 57. Kh2 Nf4 58. Kg3 Qxg2# 0-1

[Event "Challenge"]
[Site "http://www.queenalice.com/game.php?id=1104307"]
[Date "2012.9.19"]
[Round "-"]
[White "Admilton"]
[Black "rodricxc"]
[Result "1-0"]
[WhiteElo "1565"]
[BlackElo "1600"]

1. Nf3 Nc6 2. d4 e6 3. Bd2 Bd6 4. e3 Nf6 5. a3 O-O 6. Bc3 b6 7. b4 Bb7 8. Bd3 a5
9. b5 Ne7 10. Bd2 c6 11. Ng5 g6 12. Qf3 Ra7 13. Qxf6 Nf5 14. Qxd8 Rxd8 15. e4
Nxd4 16. bxc6 Bxc6 17. Be3 e5 18. Bxd4 exd4 19. Bc4 h6 20. Nxf7 Rf8 21. Nxd6+
Kg7 22. Nd2 Rf6 23. Ne8+ 1-0

[Event "IPÊ AMARELO IV"]
[Site "http://www.queenalice.com/game.php?id=1104850"]
[Date "2012.9.20"]
[Round "-"]
[White "perucona"]
[Black "rodricxc"]
[Result "0-1"]
[WhiteElo "1458"]
[BlackElo "1661"]

1. e4 Nc6 2. d4 e6 3. d5 exd5 4. exd5 Ne5 5. Bf4 d6 6. Bxe5 dxe5 7. Nf3 e4 8.
Ne5 Nf6 9. Bb5+ Bd7 10. Bxd7+ Nxd7 11. Nxd7 Qxd7 12. O-O O-O-O 13. Nc3 f5 14.
Re1 Qf7 15. Re2 Bd6 16. Qe1 Qh5 17. Rd1 Qxh2+ 18. Kf1 Qh1# 0-1

[Event "VIVA OU DEIXE VIVER II"]
[Site "http://www.queenalice.com/game.php?id=1107114"]
[Date "2012.9.27"]
[Round "-"]
[White "perucona"]
[Black "rodricxc"]
[Result "0-1"]
[WhiteElo "1411"]
[BlackElo "1707"]

1. e4 c5 2. d4 cxd4 3. Qxd4 Nf6 4. e5 Nc6 5. Qe3 Nd5 6. Qe4 e6 7. Nf3 Bb4+ 8.
Bd2 a5 9. Bxb4 Ncxb4 10. c3 Nc6 11. Bb5 Qb6 12. Bxc6 Qxb2 13. Qe2 Qxa1 14. Bxd5
Qxb1+ 15. Kd2 Qxh1 16. h4 exd5 17. g3 Qb1 18. a3 Qb2+ 19. Kd3 Qxe2+ 20. Kxe2 b5
21. Nd2 O-O 22. f3 Re8 23. f4 d6 24. Nf3 Bg4 25. h5 dxe5 26. fxe5 Rxe5+ 27. Kf2
Rf5 28. Ke3 Rxf3+ 29. Kd2 Rxg3 30. Kc2 a4 31. Kd2 Re8 32. Kc2 Re2+ 33. Kd1 Rg1#
0-1

[Event "Challenge"]
[Site "http://www.queenalice.com/game.php?id=1111868"]
[Date "2012.10.12"]
[Round "-"]
[White "rodricxc"]
[Black "lincolnmarley"]
[Result "1-0"]
[WhiteElo "1674"]
[BlackElo "1797"]

1. e4 c5 2. Nf3 d6 3. d4 cxd4 4. Nxd4 Nf6 5. Nc3 a6 6. a4 Nc6 7. Be3 e6 8. f4
Be7 9. f5 e5 10. Nf3 O-O 11. Bd3 Ng4 12. Qd2 Nxe3 13. Qxe3 Nb4 14. O-O-O Bd7 15.
b3 Rc8 16. Bc4 Qa5 17. Ng5 h6 18. Ne6 fxe6 19. fxe6 Be8 20. Nd5 Bg5 21. Ne7+
Bxe7 22. Qh3 Bg5+ 23. Kb1 Nxc2 24. e7+ Kh8 25. exf8=Q+ 1-0

[Event "Challenge"]
[Site "http://www.queenalice.com/game.php?id=1122938"]
[Date "2012.11.16"]
[Round "-"]
[White "lincolnmarley"]
[Black "rodricxc"]
[Result "1-0"]
[WhiteElo "1707"]
[BlackElo "1713"]

1. e4 c5 2. Nf3 Nc6 3. d4 cxd4 4. Nxd4 g6 5. Nc3 Bg7 6. Be3 a6 7. f3 e5 8. Nb3
Nge7 9. Qd2 d6 10. Bc4 b5 11. Bd5 Be6 12. O-O-O Rc8 13. Bxe6 fxe6 14. Qxd6 Nd5
15. Qxe6+ Nce7 16. Rxd5 Kf8 17. Rxd8+ Rxd8 18. Rd1 1-0

[Event "Challenge"]
[Site "http://www.queenalice.com/game.php?id=1122939"]
[Date "2012.11.16"]
[Round "-"]
[White "rodricxc"]
[Black "lincolnmarley"]
[Result "0-1"]
[WhiteElo "1690"]
[BlackElo "1723"]

1. e4 e5 2. Nf3 Nc6 3. Bc4 Nf6 4. Nc3 Be7 5. O-O O-O 6. d3 d6 7. Nd5 Be6 8. Ng5
Bd7 9. Qf3 Nd4 10. Qd1 h6 11. Nf3 Nxd5 12. Bxd5 c6 13. Bb3 Bg4 14. h3 Bxf3 15.
gxf3 Bg5 16. Bxg5 Qxg5+ 17. Kh1 Qh5 18. Kg2 a5 0-1

[Event "Fazendo Amigos!"]
[Site "http://www.queenalice.com/game.php?id=1126322"]
[Date "2012.11.27"]
[Round "-"]
[White "rodricxc"]
[Black "Vladimir"]
[Result "0-1"]
[WhiteElo "1631"]
[BlackElo "1849"]

1. e4 e5 2. Nf3 Nc6 3. Nc3 Bb4 4. Nd5 Nf6 5. Nxb4 Nxb4 6. Bc4 d6 7. Ng5 d5 8.
Bd3 d4 9. c3 Nxd3+ 10. Ke2 Nxc1+ 11. Rxc1 d3+ 12. Kf1 O-O 13. Qf3 c5 14. Qe3 h6
15. Nf3 Qd6 0-1